00414nam a22001457a 450000500170000000800410001702000160005804100130007408200130008710000130010024500410011326000570015430000310021165000260024220240619131013.0240619b |||||||| |||| 00| 0 eng d a040685159X  aEnglish  a349 LAW  lEnglish  aThe All England Law Reports: Reprint aLondon: bButterworth and Co. Publishers Ltd, c1999 bxix, 1024 pages; c25 cm.  aLegal practice bLaw